SORULARLA OSMANLI İMPARATORLUĞU (Record no. 1050382)

MARC details
000 -LEADER
sabit uzunluktaki kontrol alanı 00263nam a2200097Ia 4500
001 - KONTROL NUMARASI
kontrol alanı 1050382
005 - EN SON İŞLEMİN TARİH VE ZAMANI
kontrol alanı 20250827001207.0
008 - SABİT-UZUNLUKTA VERİ ÖĞELERİ--GENEL BİLGİ
sabit uzunluktaki kontrol alanı 250824s9999 xx 000 0 und d
245 #0 - ESER / YAZAR
ESER ADI SORULARLA OSMANLI İMPARATORLUĞU
Yazar Adı ERHAN AFYONCU
260 ## - YAYIN, DAĞITIM, VB.
YAYIN EVİ YEDİTEPE YAYINLARI
Holdings
Düşüm durumu Kayıp durumu Hasar Durumu Ödünç verilmez Ana kütüphane Geçerli Kütüphane Edinilen tarih Toplam ödünç verme sayısı Barkod Son görüntüleme tarihi Son ödünç verme tarihi Fiyatın geçerli olmaya başladığı tarih Koha materyal türü
        M. HALİL İBRAHİM HEKİMOĞLU ANADOLU LİSESİ M. HALİL İBRAHİM HEKİMOĞLU ANADOLU LİSESİ 24.08.2025 1 10771775 21.04.2026 21.04.2026 27.08.2025 Books